Statystyki dla Trasa Warszawskiej linii autobusowej 519

Kliknij tutaj aby rozwiązać quiz!

Ogólne statystyki

  • Ten quiz został rozwiązany 8 razy
    (5 od ostatniego zresetowania)
  • Średni wynik to 22 z 29

Statystyki odpowiedzi

DzielnicaPrzystanek% Poprawnych
WilanówCzekoladowa
100%
WilanówGąsek
100%
MokotówInstytut Neurologii
100%
WilanówKrólowej Marysienki
100%
WilanówPowsinek
100%
Mokotów / WilanówSobieskiego
100%
WilanówWilanów
100%
WilanówAndrutowa
80%
MokotówDolna
80%
Śródmieście / OchotaDworzec Centralny
80%
Śródmieście / OchotaDworzec Centralny
80%
ŚródmieścieMetro Politechnika
80%
MokotówNałęczowska
80%
WilanówPałacowa
80%
WilanówPowsin-Park Kultury
80%
WilanówRosochata
80%
MokotówŚwiętego Bonifacego
80%
MokotówTor Stegny
80%
MokotówTruskawiecka
80%
WilanówVogla
80%
ŚródmieścieCentrum
60%
MokotówCzarnomorska
60%
MokotówMangalia
60%
ŚródmieściePlac Konstytucji
60%
Śródmieście / MokotówPlac Unii Lubelskiej
60%
WilanówPrzekorna
60%
MokotówSpacerowa
60%
MokotówDworkowa
40%
MokotówKostrzewskiego
40%

Rozkład punktacji

Percentyl według liczby udzielonych odpowiedzi

Procent ludzi z każdym wynikiem

Twoja historia wyników

Nie rozwiązałeś tego quizu od ostatniego zresetowania